000 00382nam a2200145Ia 4500
008 230917s9999||||xx |||||||||||||| ||und||
040 _e140290
_aMAIN
041 _aEnglish
082 _a784.495 452 S23T
100 _aSharma, Manorma
245 0 _aTribal melodies of Himachal Pardesh
260 _aNew Delhi
_bAPH Publishing Corporation
_c1998
300 _a133 p.
942 _cBK
999 _c108576
_d108576